[Event "Ruhrgebiet Regionalliga 1718"]
[Site "Germany"]
[Date "2018.03.04"]
[Round "7.5"]
[White "Gross, Thomas"]
[Black "Lang, Daniel"]
[Result "1/2-1/2"]
[WhiteElo "2004"]
[BlackElo "2067"]
[PlyCount "47"]
[EventDate "2017.10.01"]
[EventType "team-tourn"]
[EventRounds "9"]
[EventCountry "GER"]
[SourceTitle "EXT 2022"]
[Source "ChessBase"]
[SourceDate "2021.10.06"]
[SourceVersion "1"]
[SourceVersionDate "2021.10.06"]
[SourceQuality "1"]
[WhiteTeam "Oberhausen SV II"]
[BlackTeam "Wattenscheid SV II"]
[WhiteTeamCountry "GER"]
[BlackTeamCountry "GER"]

1. Nf3 Nf6 2. g3 d5 3. Bg2 Bg4 4. Ne5 Be6 5. c4 c6 6. cxd5 Bxd5 7. Nf3 e5 8. d3 Nbd7 9. Nc3 Qb6 10. 0-0 Rc8 11. Qc2 Qc7 12. e4 Be6 13. d4 Be7 14. dxe5 Nxe5 15. Nd4 Bc4 16. Rd1 0-0 17. Bf4 Rfe8 18. Rac1 Bf8 19. Na4 Ba6 20. Nc5 Qb6 21. Nxa6 Qxa6 22. Qb3 Ng6 23. Nf5 Qb6 24. Qxb6 1/2-1/2

[Event "Ruhrgebiet Regionalliga 1718"]
[Site "Germany"]
[Date "2017.11.12"]
[Round "3.5"]
[White "Becker, Marco"]
[Black "Lang, Daniel"]
[Result "0-1"]
[WhiteElo "2018"]
[BlackElo "2058"]
[PlyCount "80"]
[EventDate "2017.10.01"]
[EventType "team-tourn"]
[EventRounds "9"]
[EventCountry "GER"]
[SourceTitle "EXT 2022"]
[Source "ChessBase"]
[SourceDate "2021.10.06"]
[SourceVersion "1"]
[SourceVersionDate "2021.10.06"]
[SourceQuality "1"]
[WhiteTeam "Horst Emscher"]
[BlackTeam "Wattenscheid SV II"]
[WhiteTeamCountry "GER"]
[BlackTeamCountry "GER"]

1. e4 c5 2. g3 Nc6 3. Bg2 g6 4. Ne2 Bg7 5. 0-0 e6 6. c3 Nge7 7. d4 cxd4 8. cxd4 d5 9. exd5 Nxd5 10. Nbc3 Nxc3 11. bxc3 0-0 12. Rb1 Qd7 13. Be3 b6 14. Qc1 Ba6 15. Re1 Rac8 16. Bh6 Bxh6 17. Qxh6 Ne7 18. Rbc1 Nd5 19. Bxd5 Bxe2 20. Bxe6 Qxe6 21. Rc2 Rfe8 22. Rcxe2 Qxe2 23. Rxe2 Rxe2 24. Qc1 Rxa2 25. d5 Ra5 26. Qd2 Rcc5 27. c4 Rc7 28. Qf4 Rac5 29. Qe5 Rc8 30. Qf6 Ra8 31. d6 Rcc8 32. Qd4 Rd8 33. Kg2 Rd7 34. c5 bxc5 35. Qxc5 a5 36. Qc6 Rdd8 37. Qc5 a4 38. Qa3 Ra6 39. Qc5 a3 40. Qc4 Raa8 0-1

[Event "Ruhrgebiet Regionalliga 1617"]
[Site "Germany"]
[Date "2017.05.07"]
[Round "9.3"]
[White "Lang, Daniel"]
[Black "Krueger, Erich"]
[Result "1/2-1/2"]
[WhiteElo "2041"]
[BlackElo "2069"]
[PlyCount "120"]
[EventDate "2016.09.11"]
[EventType "team-tourn"]
[EventRounds "9"]
[EventCountry "GER"]
[SourceTitle "EXT 2022"]
[Source "ChessBase"]
[SourceDate "2021.10.06"]
[SourceVersion "1"]
[SourceVersionDate "2021.10.06"]
[SourceQuality "1"]
[WhiteTeam "Wattenscheid SV II"]
[BlackTeam "Katernberg SF III"]
[WhiteTeamCountry "GER"]
[BlackTeamCountry "GER"]

1. d4 Nf6 2. c4 g6 3. Nc3 Bg7 4. e4 d6 5. Be2 0-0 6. Bg5 Na6 7. h4 e5 8. d5 Qe8 9. h5 Nc5 10. h6 Bh8 11. Bf3 a5 12. Nge2 Bd7 13. a4 Ng4 14. Nc1 f5 15. Nd3 Nxe4 16. Nxe4 fxe4 17. Bxe4 Nf6 18. f3 Nxe4 19. fxe4 Bf6 20. Be3 Qe7 21. b3 Bh4+ 22. Kd2 Bg5 23. Qe2 b6 24. Raf1 Rxf1 25. Rxf1 Rf8 26. Rxf8+ Kxf8 27. Qf3+ Ke8 28. Qg3 Bxe3+ 29. Kxe3 Qf6 30. Nf2 g5 31. Ng4 Qf4+ 32. Qxf4 gxf4+ 33. Kf3 Kf7 34. Nh2 Kg6 35. g3 fxg3 36. Kxg3 Kxh6 37. Kh4 Kg6 38. Nf3 h6 39. Nh2 h5 40. Nf3 Bg4 41. Ng5 Bd1 42. Ne6 Bxb3 43. Nxc7 Bxa4 44. Na8 Bc2 45. Nxb6 a4 46. c5 a3 47. cxd6 a2 48. d7 a1Q 49. d8Q Qh1+ 50. Kg3 Qg1+ 51. Kh3 Qg4+ 52. Kh2 Qf4+ 53. Kh3 Bxe4 54. Qg8+ Kh6 55. Qe6+ Bg6 56. Nd7 Qf5+ 57. Kg3 Qxe6 58. dxe6 e4 59. Kf4 h4 60. Ne5 h3 1/2-1/2

[Event "Ruhrgebiet Regionalliga 1617"]
[Site "Germany"]
[Date "2017.03.19"]
[Round "8.3"]
[White "Boehnke, Martin"]
[Black "Lang, Daniel"]
[Result "1/2-1/2"]
[WhiteElo "2119"]
[BlackElo "2008"]
[PlyCount "59"]
[EventDate "2016.09.11"]
[EventType "team-tourn"]
[EventRounds "9"]
[EventCountry "GER"]
[SourceTitle "EXT 2022"]
[Source "ChessBase"]
[SourceDate "2021.10.06"]
[SourceVersion "1"]
[SourceVersionDate "2021.10.06"]
[SourceQuality "1"]
[WhiteTeam "Sodingen/Castrop SK"]
[BlackTeam "Wattenscheid SV II"]
[WhiteTeamCountry "GER"]
[BlackTeamCountry "GER"]

1. d4 d5 2. c4 c6 3. Nf3 Nf6 4. e3 a6 5. Bd3 g6 6. 0-0 Bf5 7. Bxf5 gxf5 8. cxd5 cxd5 9. Qb3 Ra7 10. Bd2 e6 11. Nc3 Bd6 12. Rfc1 Nbd7 13. Ne2 0-0 14. Bb4 Nb8 15. Nf4 Bxb4 16. Qxb4 Nc6 17. Qb3 Na5 18. Qc2 Ra8 19. Ne5 Nd7 20. Nxd7 Qxd7 21. Qc7 Qxc7 22. Rxc7 Rfc8 23. Rac1 Nc4 24. Rxb7 Nxb2 25. Rb1 Nc4 26. h4 Na5 27. R7b2 Nc4 28. Rb4 Nd2 29. R1b2 Nc4 30. Rb1 1/2-1/2

[Event "Ruhrgebiet Regionalliga 1617"]
[Site "Germany"]
[Date "2017.01.15"]
[Round "5.3"]
[White "Lang, Daniel"]
[Black "Roitburd, Talic"]
[Result "1-0"]
[WhiteElo "2008"]
[BlackElo "2044"]
[PlyCount "55"]
[EventDate "2016.09.11"]
[EventType "team-tourn"]
[EventRounds "9"]
[EventCountry "GER"]
[SourceTitle "EXT 2022"]
[Source "ChessBase"]
[SourceDate "2021.10.06"]
[SourceVersion "1"]
[SourceVersionDate "2021.10.06"]
[SourceQuality "1"]
[WhiteTeam "Wattenscheid SV II"]
[BlackTeam "Muelheim Nord III"]
[WhiteTeamCountry "GER"]
[BlackTeamCountry "GER"]

1. d4 Nf6 2. Nf3 d6 3. Bf4 c5 4. dxc5 Qa5+ 5. Qd2 Qxc5 6. Nc3 a6 7. e4 b5 8. e5 dxe5 9. 0-0-0 Nc6 10. Nxe5 Be6 11. Nxc6 Qxc6 12. Be2 Rc8 13. Bf3 Qb6 14. Be3 Qc7 15. Qd4 g6 16. Bf4 Qa5 17. Bb7 Bg7 18. Bxc8 Bxc8 19. Qc5 0-0 20. Bc7 Ne4 21. Nxe4 Qxa2 22. Be5 Bh6+ 23. f4 Bg4 24. Qxe7 Qa1+ 25. Kd2 Qa5+ 26. Ke3 Bxd1 27. Nf6+ Kh8 28. Ng4+ 1-0

[Event "Ruhrgebiet Regionalliga 1415"]
[Site "Germany"]
[Date "2015.01.25"]
[Round "5.5"]
[White "Lang, Daniel"]
[Black "Bobzin, Pierre David"]
[Result "1/2-1/2"]
[WhiteElo "1948"]
[BlackElo "2068"]
[PlyCount "65"]
[EventDate "2014.09.28"]
[EventType "team-tourn"]
[EventRounds "9"]
[EventCountry "GER"]
[SourceTitle "EXT 2022"]
[Source "ChessBase"]
[SourceDate "2021.10.06"]
[SourceVersion "1"]
[SourceVersionDate "2021.10.06"]
[SourceQuality "1"]
[WhiteTeam "Wattenscheid SV II"]
[BlackTeam "Holsterhausen SK"]
[WhiteTeamCountry "GER"]
[BlackTeamCountry "GER"]

1. d4 Nf6 2. c4 d6 3. Nc3 Nbd7 4. e4 e5 5. d5 Nc5 6. f3 a5 7. Be3 b6 8. b3 Be7 9. Nge2 0-0 10. Ng3 Ne8 11. Qd2 g6 12. Bh6 Ng7 13. Be2 f5 14. exf5 Bxf5 15. 0-0 Rf7 16. Nge4 Bxe4 17. fxe4 Rxf1+ 18. Rxf1 Qd7 19. h3 Rf8 20. Rxf8+ Bxf8 21. Bg4 Qf7 22. Qf2 Qxf2+ 23. Kxf2 Ne8 24. Bg5 Kf7 25. Bd1 Be7 26. Bd2 Nf6 27. Bc2 h5 28. a3 Nh7 29. b4 axb4 30. axb4 Na6 31. Na4 Bg5 32. Bc3 Bc1 33. Bd3 1/2-1/2

[Event "NRW Verbandsliga Group2 1314"]
[Site "Nordrheinwestfalen"]
[Date "2014.03.09"]
[Round "8"]
[White "Buschmann, Andreas"]
[Black "Lang, Daniel"]
[Result "1-0"]
[WhiteElo "2008"]
[BlackElo "2001"]
[PlyCount "83"]
[EventDate "2013.09.08"]
[EventType "team-tourn"]
[EventRounds "9"]
[EventCountry "GER"]
[SourceTitle "EXT 2020"]
[Source "ChessBase"]
[SourceDate "2019.10.17"]
[SourceVersion "1"]
[SourceVersionDate "2019.10.17"]
[SourceQuality "1"]
[WhiteTeam "Horst Emscher"]
[BlackTeam "Wattenscheid SV IV"]
[WhiteTeamCountry "GER"]
[BlackTeamCountry "GER"]

1. d4 e6 2. c4 d5 3. Nc3 c6 4. Nf3 dxc4 5. e4 b5 6. a4 Bb4 7. g3 Nf6 8. Bg5 Qb6 9. Qc2 Nbd7 10. Bg2 Bb7 11. 0-0 a6 12. Be3 Ng4 13. Kh1 0-0 14. e5 Nxe3 15. fxe3 c5 16. axb5 axb5 17. Rxa8 Bxa8 18. Ng5 Bxg2+ 19. Kxg2 g6 20. Qe4 Kg7 21. Ne2 h6 22. Nf3 cxd4 23. exd4 Rb8 24. Qg4 Qb7 25. Nf4 Be7 26. h4 Qc6 27. d5 Qb7 28. dxe6 Nxe5 29. Nh5+ Kh7 30. Qd4 f6 31. Nf4 Rd8 32. Qc3 Nd3 33. Ne2 Bb4 34. Qc2 Ne1+ 35. Rxe1 Bxe1 36. h5 Rg8 37. Nf4 Bb4 38. hxg6+ Kh8 39. Qf5 Bf8 40. Qxf6+ Bg7 41. Qf7 Rb8 42. e7 1-0

[Event "Ruhrgebiet Verbandsliga2 1112"]
[Site "Nordrheinwestfalen"]
[Date "2012.03.04"]
[Round "7.5"]
[White "Niekrens, Stefan"]
[Black "Lang, Daniel"]
[Result "0-1"]
[WhiteElo "1919"]
[BlackElo "1991"]
[PlyCount "90"]
[EventDate "2011.09.18"]
[EventType "team-tourn"]
[EventRounds "9"]
[EventCountry "GER"]
[SourceTitle "EXT 2020"]
[Source "ChessBase"]
[SourceDate "2019.10.17"]
[SourceVersion "1"]
[SourceVersionDate "2019.10.17"]
[SourceQuality "1"]
[WhiteTeam "Bochum SV II"]
[BlackTeam "Wattenscheid SV IV"]
[WhiteTeamCountry "GER"]
[BlackTeamCountry "GER"]

1. e4 c5 2. Nf3 a6 3. c3 d5 4. e5 Bg4 5. d4 e6 6. dxc5 Bxf3 7. Qxf3 Nc6 8. Bf4 Bxc5 9. Qg3 g6 10. Nd2 Qc7 11. Nb3 Bf8 12. Nd4 Nxd4 13. cxd4 Bb4+ 14. Bd2 Bxd2+ 15. Kxd2 Qb6 16. Qc3 Ne7 17. b3 Nc6 18. Rc1 Nxd4 19. Qc5 Qxc5 20. Rxc5 Kd7 21. Bd3 Rac8 22. Rxc8 Rxc8 23. f4 h6 24. Rf1 Rg8 25. g3 Rg7 26. b4 g5 27. Ke3 Nc6 28. b5 gxf4+ 29. Rxf4 axb5 30. Bxb5 Kc7 31. Bxc6 bxc6 32. Rf6 h5 33. Rf4 c5 34. Kd3 Kc6 35. Kc3 Kb5 36. Kb3 c4+ 37. Kc3 Kc5 38. a4 Rg5 39. Rxf7 d4+ 40. Kd2 Rxe5 41. a5 c3+ 42. Kd3 Re3+ 43. Kc2 Kb4 44. Rd7 Re2+ 45. Kc1 Kc4 0-1

[Event "Ruhrgebiet Verbandsliga2 1011"]
[Site "Nordrheinwestfalen"]
[Date "2010.12.05"]
[Round "4.2"]
[White "Mundorf, Johannes"]
[Black "Lang, Daniel"]
[Result "1-0"]
[WhiteElo "2115"]
[BlackElo "1991"]
[PlyCount "51"]
[EventDate "2010.09.12"]
[EventType "team-tourn"]
[EventRounds "9"]
[EventCountry "GER"]
[SourceTitle "EXT 2020"]
[Source "ChessBase"]
[SourceDate "2019.10.17"]
[SourceVersion "1"]
[SourceVersionDate "2019.10.17"]
[SourceQuality "1"]
[WhiteTeam "Muelheim Nord III"]
[BlackTeam "Wattenscheid SV IV"]
[WhiteTeamCountry "GER"]
[BlackTeamCountry "GER"]

1. Nf3 Nf6 2. g3 d5 3. Bg2 Bg4 4. c4 c6 5. Ne5 Bf5 6. cxd5 cxd5 7. Nc3 e6 8. Qa4+ Nbd7 9. g4 Bg6 10. h4 h5 11. Nxg6 fxg6 12. g5 Ng8 13. d4 Bd6 14. e4 Ne7 15. exd5 exd5 16. Nxd5 0-0 17. Nxe7+ Qxe7+ 18. Be3 Rac8 19. 0-0 Kh7 20. Rae1 Qf7 21. Qxa7 b6 22. Qb7 Rc2 23. Qd5 Bf4 24. Qxf7 Rxf7 25. Bd5 Rf8 26. b4 1-0

[Event "Unna op"]
[Site "Unna"]
[Date "2008.12.29"]
[Round "6"]
[White "Lang, Daniel"]
[Black "Krewett, Fabian"]
[Result "1-0"]
[WhiteElo "2062"]
[BlackElo "1927"]
[PlyCount "57"]
[EventDate "2008.12.27"]
[EventType "swiss"]
[EventRounds "7"]
[EventCountry "GER"]
[SourceTitle "CBM 128 Extra"]
[Source "ChessBase"]
[SourceDate "2009.03.05"]
[SourceVersion "2"]
[SourceVersionDate "2009.03.25"]
[SourceQuality "1"]

1. d4 c5 2. d5 Nf6 3. c4 b5 4. cxb5 a6 5. bxa6 Bxa6 6. g3 d6 7. Nc3 g6 8. Bg2 Bg7 9. Nf3 0-0 10. 0-0 Nbd7 11. h3 Qa5 12. Qc2 Rfb8 13. Rb1 Ra7 14. Re1 Ne8 15. Bd2 Nc7 16. Qe4 Kf8 17. Qh4 Rab7 18. Ne4 Qxa2 19. Qxh7 Nf6 20. Nxf6 Bxf6 21. Ng5 Ke8 22. Qxf7+ Kd8 23. Bf3 Bxg5 24. Bxg5 Ne8 25. Qxg6 Bc4 26. Qf7 Qa7 27. Bh5 Bb5 28. h4 Ra8 29. Bg6 1-0

[Event "Dortmund Sparkassen op"]
[Site "Dortmund"]
[Date "2008.07.06"]
[Round "9"]
[White "Lang, Daniel"]
[Black "Kartsev, Soel"]
[Result "1-0"]
[WhiteElo "2051"]
[BlackElo "2219"]
[PlyCount "89"]
[EventDate "2008.06.30"]
[EventType "swiss"]
[EventRounds "9"]
[EventCountry "GER"]
[SourceTitle "CBM 125 Extra"]
[Source "ChessBase"]
[SourceDate "2008.09.01"]
[SourceVersion "1"]
[SourceVersionDate "2008.09.01"]
[SourceQuality "1"]

1. d4 Nf6 2. c4 e5 3. dxe5 Ne4 4. a3 Nc6 5. Nf3 d6 6. Qc2 Bf5 7. Nc3 Ng3 8. e4 Nxh1 9. exf5 dxe5 10. Be3 Nd4 11. Nxd4 exd4 12. Qe4+ Be7 13. Bxd4 0-0 14. 0-0-0 Re8 15. Be3 Bd6 16. Qf3 Qh4 17. Bd3 Qxh2 18. f6 g6 19. Ne4 Rad8 20. g3 Nxf2 21. Bxf2 Qh6+ 22. Be3 Qf8 23. Kc2 Re5 24. c5 Rf5 25. Qh1 Rh5 26. Qg2 Be5 27. Be2 Rxd1 28. Bxd1 Rf5 29. g4 Rxf6 30. Nxf6+ Bxf6 31. Qe4 h6 32. Be2 c6 33. Bc4 Kg7 34. Qf4 g5 35. Qf5 Qe7 36. Bd2 b5 37. Bd3 a6 38. Qh7+ Kf8 39. Qxh6+ Ke8 40. Bc3 Bxc3 41. Qxc6+ Kf8 42. Kxc3 Qe1+ 43. Kc2 Qf2+ 44. Kb3 Qg3 45. Qd6+ 1-0

[Event "Dortmund Sparkassen op"]
[Site "Dortmund"]
[Date "2008.07.02"]
[Round "4"]
[White "Rehberg, Raphael"]
[Black "Lang, Daniel"]
[Result "1-0"]
[WhiteElo "2221"]
[BlackElo "2051"]
[PlyCount "91"]
[EventDate "2008.06.30"]
[EventType "swiss"]
[EventRounds "9"]
[EventCountry "GER"]
[SourceTitle "CBM 125 Extra"]
[Source "ChessBase"]
[SourceDate "2008.09.01"]
[SourceVersion "1"]
[SourceVersionDate "2008.09.01"]
[SourceQuality "1"]

1. e4 c5 2. Nf3 Nc6 3. Bb5 d6 4. Bxc6+ bxc6 5. 0-0 e5 6. h3 Nf6 7. Re1 Be7 8. c3 0-0 9. d4 cxd4 10. cxd4 exd4 11. Nxd4 Qb6 12. Nc3 Re8 13. Na4 Qa6 14. Bf4 Bd7 15. Nc3 Rad8 16. Qf3 c5 17. Nde2 Bc6 18. Ng3 Bf8 19. Bg5 Re6 20. Nf5 Qb7 21. Nh6+ Kh8 22. Nd5 Bxd5 23. exd5 Rxe1+ 24. Rxe1 Re8 25. Rxe8 Nxe8 26. Nxf7+ Kg8 27. Nd8 Qd7 28. Nc6 h6 29. Bd8 a6 30. Qe2 Qf7 31. Qe6 g6 32. Nb8 Bg7 33. b3 Bd4 34. Qxf7+ Kxf7 35. Nxa6 Nf6 36. Bxf6 Kxf6 37. Nb8 Ke5 38. a4 Kxd5 39. a5 c4 40. bxc4+ Kxc4 41. Nc6 Bc5 42. a6 d5 43. a7 Bxa7 44. Nxa7 d4 45. Kf1 Kb3 46. Ke1 1-0

[Event "Ruhrgebiet VK2 0708"]
[Site "Germany"]
[Date "2007.12.02"]
[Round "4.2"]
[White "Beer, Klaus"]
[Black "Lang, Daniel"]
[Result "0-1"]
[WhiteElo "1866"]
[BlackElo "1959"]
[PlyCount "44"]
[EventDate "2007.09.16"]
[EventType "team"]
[EventRounds "9"]
[EventCountry "GER"]
[SourceTitle "EXT 2009"]
[Source "ChessBase"]
[SourceDate "2008.11.26"]
[SourceVersion "1"]
[SourceVersionDate "2008.11.26"]
[SourceQuality "1"]
[WhiteTeam "Altstadt RE II"]
[BlackTeam "Wattenscheid IV"]
[WhiteTeamCountry "GER"]
[BlackTeamCountry "GER"]

1. e4 c5 2. Nf3 d6 3. c3 Nf6 4. Bd3 Nc6 5. 0-0 Bg4 6. Re1 a6 7. h3 Bh5 8. Bf1 e6 9. d4 Be7 10. d5 Ne5 11. g4 Nxf3+ 12. Qxf3 Bg6 13. dxe6 fxe6 14. e5 Nd5 15. exd6 Qxd6 16. Nd2 Rf8 17. Qg2 0-0-0 18. Nc4 Qc7 19. a4 Bh4 20. Rxe6 Rxf2 21. Qh1 Qg3+ 22. Bg2 Rf1+ 0-1

[Event "Ruhrgebiet VK2 0708"]
[Site "Germany"]
[Date "2007.10.21"]
[Round "2.5"]
[White "Prasser, Peter"]
[Black "Lang, Daniel"]
[Result "1/2-1/2"]
[WhiteElo "1718"]
[BlackElo "2053"]
[PlyCount "75"]
[EventDate "2007.09.16"]
[EventType "team"]
[EventRounds "9"]
[EventCountry "GER"]
[SourceTitle "EXT 2009"]
[Source "ChessBase"]
[SourceDate "2008.11.26"]
[SourceVersion "1"]
[SourceVersionDate "2008.11.26"]
[SourceQuality "1"]
[WhiteTeam "Altenessen II"]
[BlackTeam "Wattenscheid IV"]
[WhiteTeamCountry "GER"]
[BlackTeamCountry "GER"]

1. d4 d5 2. c4 c6 3. Nc3 Nf6 4. cxd5 cxd5 5. e3 a6 6. Nf3 Nc6 7. Bd3 Bg4 8. Be2 e6 9. a3 Bd6 10. 0-0 0-0 11. h3 Bf5 12. Bd3 Bxd3 13. Qxd3 Na5 14. b4 Nc4 15. e4 dxe4 16. Nxe4 Nxe4 17. Qxe4 Qd7 18. Kh1 Be7 19. Be3 Qb5 20. Rfd1 Bf6 21. Ra2 Rfd8 22. Rc1 a5 23. Qd3 Nd6 24. Qxb5 Nxb5 25. bxa5 Rxa5 26. Rc5 Rxa3 27. Rxa3 Nxa3 28. Bc1 Nb1 29. Rb5 Nc3 30. Rxb7 h6 31. Be3 Ne2 32. Rb4 g5 33. g3 Rd5 34. Kg2 Kg7 35. Rc4 Rf5 36. Rc2 Rxf3 37. Rxe2 Rf5 38. Rc2 1/2-1/2